000 01345cai a22002175a 4500
001 L155300
008 120314u2011 xxk g 000 0 eng d
035 _a(Sirsi) u155300
041 0 _aeng
110 2 _aCTBUH
245 0 0 _aCouncil on tall buildings and urban habitat
_h[electronic resource]
260 _aChicago
_bCTBUH
_c2011
520 _aCTBUH website which is an international not-for-profit organization supported by architecture, engineering, planning, development and construction professionals. The council is the world's leading body in the field of tall buildings or skycrapers and the recognized source of information on tall buildings internationally. It is the arbiter of the criteria upon which tall building height or skyscraper height is measured, and thus the title of "The World's Tallest Building" determined. The CTBUH database provides further information about skyscrapers worldwide.
590 _aKA NTK
651 4 _aInternational
690 _aDesign and specification
690 _aConstruction management
_96230
856 4 0 _uhttps://www.ctbuh.org/Home/tabid/53/language/en-US/Default.aspx
_zView the website free of charge at www.ctbuh.org
856 4 0 _uhttps://www.skyscrapercenter.com/
_zView the 'skyscraper center' here, the global tall building database of the CTBUH www.skyscraper.com
942 _n0
999 _c120964
_d120964